La vivienda comunitaria en México / (Record no. 10853)

MARC details
000 -CABECERA
campo de control de longitud fija 01179nam a22002297a 4500
001 - NÚMERO DE CONTROL
campo de control BRCA_9234
003 - IDENTIFICADOR DEL NÚMERO DE CONTROL
campo de control FranzMayer
005 - FECHA Y HORA DE LA ÚLTIMA TRANSACCIÓN
campo de control 20220921133141.0
008 - DATOS DE LONGITUD FIJA--INFORMACIÓN GENERAL
campo de control de longitud fija 220914b |||||||| |||| 00| 0 eng d
040 ## - FUENTE DE LA CATALOGACIÓN
Lengua de catalogación spa
Centro/agencia transcriptor MFM
041 ## - CÓDIGO DE LENGUA
Código de lengua del texto/banda sonora o título independiente spa
050 ## - SIGNATURA TOPOGRÁFICA DE LA BIBLIOTECA DEL CONGRESO
Número de clasificación HD7288.78.M4
Número de documento/Ítem V58 1988
245 #3 - MENCIÓN DE TÍTULO
Título La vivienda comunitaria en México /
Mención de responsabilidad, etc. Instituto del Fondo Nacional de la Vivienda para los Trabajadores
260 ## - PUBLICACIÓN, DISTRIBUCIÓN, ETC.
Lugar de publicación, distribución, etc. México, D.F. :
Nombre del editor, distribuidor, etc. Consorcio Editorial Comunicación,
Fecha de publicación, distribución, etc. 1988
300 ## - DESCRIPCIÓN FÍSICA
Extensión 359 pp. :
Otras características físicas il. fot. map. planos ;
Dimensiones 28 x 28 cm.
500 ## - NOTA GENERAL
Nota general Ubicación: L60-N2
520 ## - SUMARIO, ETC.
Sumario, etc. El objetivo de esta obra es el estudio de la vivienda comunitaria en México y su evolución a lo largo de nuestra Historia. el Instituto del Fondo Nacional de la Vivienda para los Trabajadores, ha tenido interés en abordar este tema para realizar un primer intento por concentrar y sistematizar el conocimiento en la materia y difundirlo entre especialistas y público en general.
610 ## - PUNTO DE ACCESO ADICIONAL DE MATERIA--NOMBRE DE ENTIDAD CORPORATIVA
Nombre de entidad corporativa o nombre de jurisdicción como elemento de entrada INFONAVIT (Agency)
Subdivisión general Viviendas sociales
-- Historia
Subdivisión geográfica México
9 (RLIN) 28572
650 ## - PUNTO DE ACCESO ADICIONAL DE MATERIA--TÉRMINO DE MATERIA
Término de materia o nombre geográfico como elemento de entrada Trabajadores
Subdivisión general Viviendas
-- Historia
Subdivisión geográfica México
9 (RLIN) 28573
942 ## - ELEMENTOS DE PUNTO DE ACCESO ADICIONAL (KOHA)
Fuente del sistema de clasificación o colocación Library of Congress Classification
Tipo de ítem Koha Libros
Holdings
Estado de retiro Estado de pérdida Fuente del sistema de clasificación o colocación Estado dañado No para préstamo Localización permanente Ubicación/localización actual Fecha de adquisición Total de préstamos Signatura topográfica completa Código de barras Fecha visto por última vez Precio válido a partir de Tipo de ítem Koha
El ejemplar forma parte de la colección y puede ser consultado según las políticas vigentes.   Library of Congress Classification     Biblioteca del Museo Franz Mayer (Rogerio Casas-Alatriste) Biblioteca del Museo Franz Mayer (Rogerio Casas-Alatriste) 14/09/2022   HD7288.78.M4 V58 1988 CONT10023 14/09/2022 14/09/2022 Libros